Statistics for Match the Celeb to their Unique Features

Click here to take the quiz!

General Stats

  • This quiz has been taken 12 times
  • The average score is 100 of 144

Answer Stats

QuestionTileSelect% Correct
Seal4 NipplesNo
82%
Kesha4 NipplesNo
82%
David Bowie4 NipplesNo
82%
Denzel Washington4 NipplesNo
82%
Denzel WashingtonBeauty spot mole above lipNo
82%
David BowieBeauty spot mole above lipNo
82%
SealBeauty spot mole above lipNo
82%
SealConjoined Twin (at birth)No
82%
David BowieConjoined Twin (at birth)No
82%
Denzel WashingtonConjoined Twin (at birth)No
82%
KeshaConjoined Twin (at birth)No
82%
David BowieCrooked pinky fingerNo
82%
KeshaCrooked pinky fingerNo
82%
SealCrooked pinky fingerNo
82%
SealExtra Fingers (removed)No
82%
Denzel WashingtonExtra Fingers (removed)No
82%
KeshaExtra Fingers (removed)No
82%
KeshaHeterochromia (different coloured eyes)No
82%
Denzel WashingtonHeterochromia (different coloured eyes)No
82%
SealHeterochromia (different coloured eyes)No
82%
Denzel WashingtonLupus ScarsNo
82%
KeshaLupus ScarsNo
82%
David BowieLupus ScarsNo
82%
David BowieMissing tip of thumbNo
82%
SealMissing tip of thumbNo
82%
SealPermanently Dilated pupilNo
82%
KeshaPermanently Dilated pupilNo
82%
Denzel WashingtonPermanently Dilated pupilNo
82%
David BowieTail (removed at birth)No
82%
SealTail (removed at birth)No
82%
Denzel WashingtonVitiligoNo
82%
David BowieVitiligoNo
82%
SealVitiligoNo
82%
KeshaVitiligoNo
82%
SealWebbed ToesNo
82%
David BowieWebbed ToesNo
82%
KeshaWebbed ToesNo
82%
Andy Garcia4 NipplesNo
73%
Winnie Harlow4 NipplesNo
73%
Kate Bosworth4 NipplesNo
73%
Cindy Crawford4 NipplesNo
73%
Vince Vaughn4 NipplesNo
73%
Taye Diggs4 NipplesNo
73%
Andy GarciaBeauty spot mole above lipNo
73%
Taye DiggsBeauty spot mole above lipNo
73%
Winnie HarlowBeauty spot mole above lipNo
73%
Ashton KutcherBeauty spot mole above lipNo
73%
Harry StylesBeauty spot mole above lipNo
73%
Harry StylesConjoined Twin (at birth)No
73%
Kate BosworthConjoined Twin (at birth)No
73%
Vince VaughnConjoined Twin (at birth)No
73%
Cindy CrawfordConjoined Twin (at birth)No
73%
Ashton KutcherConjoined Twin (at birth)No
73%
Andy GarciaCrooked pinky fingerNo
73%
Harry StylesCrooked pinky fingerNo
73%
Winnie HarlowCrooked pinky fingerNo
73%
Kate BosworthCrooked pinky fingerNo
73%
Cindy CrawfordCrooked pinky fingerNo
73%
Taye DiggsCrooked pinky fingerNo
73%
Ashton KutcherCrooked pinky fingerNo
73%
Vince VaughnExtra Fingers (removed)No
73%
David BowieExtra Fingers (removed)No
73%
Andy GarciaExtra Fingers (removed)No
73%
Winnie HarlowExtra Fingers (removed)No
73%
Cindy CrawfordExtra Fingers (removed)No
73%
Harry StylesHeterochromia (different coloured eyes)No
73%
Andy GarciaHeterochromia (different coloured eyes)No
73%
Winnie HarlowHeterochromia (different coloured eyes)No
73%
Ashton KutcherHeterochromia (different coloured eyes)No
73%
Vince VaughnLupus ScarsNo
73%
Winnie HarlowLupus ScarsNo
73%
Harry StylesLupus ScarsNo
73%
Ashton KutcherLupus ScarsNo
73%
Cindy CrawfordLupus ScarsNo
73%
Taye DiggsLupus ScarsNo
73%
Harry StylesMissing tip of thumbNo
73%
Kate BosworthMissing tip of thumbNo
73%
Denzel WashingtonMissing tip of thumbNo
73%
KeshaMissing tip of thumbNo
73%
Winnie HarlowMissing tip of thumbNo
73%
Cindy CrawfordMissing tip of thumbNo
73%
Andy GarciaMissing tip of thumbNo
73%
Kate BosworthPermanently Dilated pupil.No
73%
Ashton KutcherPermanently Dilated pupilNo
73%
Cindy CrawfordPermanently Dilated pupilNo
73%
Vince VaughnPermanently Dilated pupilNo
73%
Harry StylesPermanently Dilated pupilNo
73%
Winnie HarlowPermanently Dilated pupilNo
73%
Taye DiggsPermanently Dilated pupilNo
73%
Harry StylesTail (removed at birth)No
73%
Denzel WashingtonTail (removed at birth)No
73%
Winnie HarlowTail (removed at birth)No
73%
Kate BosworthTail (removed at birth)No
73%
Ashton KutcherTail (removed at birth)No
73%
Cindy CrawfordTail (removed at birth)No
73%
Taye DiggsTail (removed at birth)No
73%
Ashton KutcherVitiligoNo
73%
Harry StylesVitiligoNo
73%
Taye DiggsVitiligoNo
73%
Kate BosworthVitiligoNo
73%
Cindy CrawfordVitiligoNo
73%
Andy GarciaVitiligoNo
73%
Andy GarciaWebbed ToesNo
73%
Kate BosworthWebbed ToesNo
73%
Cindy CrawfordWebbed ToesNo
73%
Denzel WashingtonWebbed ToesNo
73%
Harry StylesWebbed ToesNo
73%
Vince VaughnWebbed ToesNo
73%
Winnie HarlowWebbed ToesNo
73%
Vince VaughnBeauty spot mole above lipNo
64%
KeshaBeauty spot mole above lipNo
64%
Taye DiggsConjoined Twin (at birth)No
64%
Vince VaughnCrooked pinky fingerNo
64%
Harry StylesExtra Fingers (removed)No
64%
Kate BosworthExtra Fingers (removed)No
64%
Cindy CrawfordHeterochromia (different coloured eyes)No
64%
Vince VaughnHeterochromia (different coloured eyes)No
64%
Taye DiggsHeterochromia (different coloured eyes)No
64%
SealLupus ScarsYes
64%
Kate BosworthLupus ScarsNo
64%
Andy GarciaLupus ScarsNo
64%
Taye DiggsMissing tip of thumbNo
64%
Ashton KutcherMissing tip of thumbNo
64%
Andy GarciaTail (removed at birth)No
64%
Vince VaughnTail (removed at birth)No
64%
Vince VaughnVitiligoNo
64%
Taye DiggsWebbed ToesNo
64%
Winnie HarlowConjoined Twin (at birth)No
55%
Ashton KutcherExtra Fingers (removed)No
55%
David BowieHeterochromia (different coloured eyes)No
55%
Andy GarciaPermanently Dilated pupilNo
55%
Ashton Kutcher4 NipplesNo
45%
Harry Styles4 NipplesYes
45%
Cindy CrawfordBeauty spot mole above lipYes
45%
Kate BosworthBeauty spot mole above lipNo
45%
Denzel WashingtonCrooked pinky fingerYes
27%
David BowiePermanently Dilated pupilYes
27%
KeshaTail (removed at birth)Yes
27%
Winnie HarlowVitiligoYes
27%
Andy GarciaConjoined Twin (at birth)Yes
18%
Taye DiggsExtra Fingers (removed)Yes
9%
Kate BosworthHeterochromia (different coloured eyes)Yes
9%
Vince VaughnMissing tip of thumbYes
9%
Ashton KutcherWebbed ToesYes
9%

Score Distribution

Percentile by Number Answered

Percent of People with Each Score

Your Score History

You have not taken this quiz